000 01322nam a2200313 a 4500
001 000087064
005 20200120224936.0
008 190705s2017 ck e 000 j spa d
020 _a9789583049095
041 0 _aspa
090 _aAC
_bHENre
100 1 _aO'Henry,
_d1862-1910.
245 1 0 _aRelatos inesperados /
_cO'Henry ; selección, traducción y prólogo Felipe Escobar.
250 _aEdición César Alberto Cardozo Tova
260 _aBogotá :
_bPanamericana Editorial,
_c2017.
300 _a222 páginas ;
_c21 cm.
490 0 _aLiteratura. Relatos
520 3 _a"Libro de relatos de uno de los mejores en el género, O. Henry. El escritor norteamericano, en un tono de humor y con mucha destreza literaria, relata temas diversos con personajes muy bien elaborados, y ubica sus historias, en gran medida, el la época de la guerra de secesión norteamericana."
534 _aTítulo original
_tThe voice of the city.
650 1 4 _aCuentos adulto estadounidenses.
650 2 4 _aLiteratura adulto
650 2 4 _aOro.
_vCuentos.
650 2 4 _aPerros
_vCuentos.
650 2 4 _aBrujas
_vCuentos.
650 2 4 _aAmistad
_vCuentos.
651 7 _aNueva York (Estados Unidos)
_xVida social y costumbres
_vCuentos
700 1 _aEscobar, Felipe,
_etraductor.
700 1 _aCardozo Tovar, César Alberto,
_veditor.
999 _c11821
_d11821